[Event "EWIRCC 2019"]
[Site "Monte-Carlo"]
[Date "2019.12.01"]
[Round "9.20"]
[White "Babiy, Olga"]
[Black "Muetsch, Annmarie"]
[Result "1/2-1/2"]
[WhiteElo "2249"]
[BlackElo "2240"]
[Annotator "NA"]
[PlyCount "117"]
[EventDate "2019.11.28"]
[EventType "swiss"]
[EventCountry "MNC"]
[SourceTitle "playchess.com"]
[Source "ChessBase"]
[SourceQuality "1"]
[TimeControl "5400+30"]

1. e4 {[%emt 1:15:11]} c5 {[%emt 1:15:13]} 2. Nc3 {[%emt 0:00:38]} Nc6 {[%emt 0:00:34]} 3. Nge2 {[%emt 0:00:21]} g6 {[%emt 0:00:49]} 4. d4 {[%emt 0:00:22]} cxd4 {[%emt 0:00:22]} 5. Nxd4 {[%emt 0:00:21]} Bg7 {[%emt 0:00:22]} 6. Be3 {[%emt 0:00:21]} Nf6 {[%emt 0:00:26]} 7. Bc4 {[%emt 0:00:21]} O-O {[%emt 0:00:25]} 8. Bb3 {[%emt 0:00:22]} Re8 {[%emt 0:00:50]} 9. h3 {[%emt 0:00:44]} e6 {[%emt 0:01:01]} 10. O-O {[%emt 0:02:33]} d5 {[%emt 0:02:12]} 11. exd5 {[%emt 0:00:23]} Nxd5 {[%emt 0:00:43]} 12. Nxd5 {[%emt 0:00:51]} exd5 {[%emt 0:00:29]} 13. c3 {[%emt 0:00:23]} Na5 {[%emt 0:00:59]} 14. Qd3 {[%emt 0:01:30]} b6 {[%emt 0:02:00]} 15. Rad1 {[%emt 0:01:24]} Bb7 {[%emt 0:00:39]} 16. Nf3 {[%emt 0:01:14]} Qc7 {[%emt 0:03:31]} 17. Bd4 {[%emt 0:00:33]} Nc4 {[%emt 0:01:18]} 18. Bxg7 {[%emt 0:00:22]} Kxg7 {[%emt 0:00:28]} 19. Qc2 {[%emt 0:00:22]} Rad8 {[%emt 0:00:50]} 20. Rfe1 {[%emt 0:01:21]} Qf4 {[%emt 0:01:50]} 21. Rd4 {[%emt 0:02:47]} Rxe1+ {[%emt 0:00:48]} 22. Nxe1 {[%emt 0:00:23]} Qc7 {[%emt 0:00:26]} 23. Qe2 {[%emt 0:00:56]} b5 {[%emt 0:01:06]} 24. Nf3 {[%emt 0:01:23]} Bc6 {[%emt 0:00:53]} 25. Rd1 {[%emt 0:01:56]} Re8 {[%emt 0:00:31]} 26. Qc2 {[%emt 0:00:21]} Qf4 {[%emt 0:01:35]} 27. Rd4 {[%emt 0:02:12]} Qf6 {[%emt 0:00:27]} 28. Qc1 {[%emt 0:00:41]} h6 {[%emt 0:00:46]} 29. Bc2 {[%emt 0:00:24]} Ne5 {[%emt 0:00:47]} 30. Nxe5 {[%emt 0:00:31]} Rxe5 {[%emt 0:00:27]} 31. Qd2 {[%emt 0:01:44]} Qe7 {[%emt 0:00:32]} 32. Bd1 {[%emt 0:00:26]} Re1+ {[%emt 0:00:29]} 33. Kh2 {[%emt 0:00:21]} Qe5+ {[%emt 0:00:35]} 34. g3 {[%emt 0:00:37]} h5 {[%emt 0:00:47]} 35. Bf3 {[%emt 0:00:41]} Rb1 {[%emt 0:01:06]} 36. Kg2 {[%emt 0:00:32]} a6 {[%emt 0:00:56]} 37. Bd1 {[%emt 0:01:12]} a5 {[%emt 0:00:43]} 38. Bf3 {[%emt 0:00:44]} a4 {[%emt 0:00:28]} 39. a3 {[%emt 0:00:21]} Kh7 {[%emt 0:00:46]} 40. Rb4 {[%emt 0:01:19]} Ra1 {[%emt 0:00:32]} 41. Rf4 {[%emt 0:00:29]} Kg8 {[%emt 0:00:23]} 42. Rd4 {[%emt 0:00:28]} Rb1 {[%emt 0:00:22]} 43. Kh2 {[%emt 0:00:29]} Kg7 {[%emt 0:00:24]} 44. Kg2 {[%emt 0:00:43]} Kg8 {[%emt 0:00:22]} 45. Rf4 {[%emt 0:00:38]} Ra1 {[%emt 0:00:25]} 46. Rd4 {[%emt 0:00:20]} Rb1 {[%emt 0:00:22]} 47. Rd3 {[%emt 0:00:26]} Kg7 {[%emt 0:00:33]} 48. Re3 {[%emt 0:00:23]} Qf6 {[%emt 0:00:34]} 49. h4 {[%emt 0:00:38]} Kh7 {[%emt 0:00:31]} 50. Qc2 {[%emt 0:00:46]} Ra1 {[%emt 0:00:25]} 51. Qd2 {[%emt 0:00:39]} Rb1 {[%emt 0:00:22]} 52. Qc2 {[%emt 0:00:20]} Ra1 {[%emt 0:00:21]} 53. Qd2 {[%emt 0:00:22]} Rb1 {[%emt 0:00:22]} 54. Qc2 {[%emt 0:00:31]} Ra1 {[%emt 0:00:22]} 55. Qd2 {[%emt 0:00:51]} Rb1 {[%emt 0:00:21]} 56. Rd3 {[%emt 0:00:24]} Qe5 {[%emt 0:00:44]} 57. Re3 {[%emt 0:00:32]} Qf6 {[%emt 0:00:24]} 58. Qc2 {[%emt 0:00:30]} Ra1 {[%emt 0:00:22]} 59. Qd2 {[%emt 0:00:33]} 1/2-1/2